000 00619nam a2200241 i 4500
999 _c77191
_d77191
001 C2-0268374
003 PPAK
005 20181024084218.0
008 060808s2001 enka|||| ||||| | eng d
020 _a0141311363
040 _aPPAK
_beng
_cPPAK
_erda
082 0 4 _a823
_223
090 0 0 _a823
_bDAH
_dK
100 1 _aDahl, Roald,
_eauthor.
245 1 0 _aMatilda
264 1 _aLondon :
_bPuffin Books ,
_c2001
300 _a229 pages :
_billustrations ;
_c20 cm
336 _2rdacontent
_atext
337 _2rdamedia
_aunmediated
338 _2rdacarrier
_avolume
650 1 0 _aEnglish fiction
942 _cB
_2ddc